O meu primeiro dicionário [de] inglês (Registo nº 20)
[ vista simples ]
| 000 -Etiqueta do registo | |
|---|---|
| Cabeçalho | 00741cam a2200313 4500 |
| 005 - Identificador da versão | |
| Campo de controlo | 20240813121752.0 |
| 010 ## - Número internacional normalizado dos livros (ISBN) | |
| Número (ISBN) | 9724715477 |
| 021 ## - Número do Depósito Legal | |
| Código do país | PT |
| Número | 148299/00 |
| 035 ## - Other System Control Numbers | |
| System Control Number | 0000020 |
| System Control Number | 0000020 |
| System Control Number | 0000020 |
| System Control Number | 0000020 |
| 100 ## - Dados gerais de processamento | |
| Dados gerais de processamento | 20010117d2000 c y0pory5003 ba |
| 102 ## - Pais de publicação ou produção | |
| País de publicação | Portugal |
| 101 0# - Língua de publicação | |
| Língua do texto, banda sonora, etc. | Inglês |
| 106 ## - Campo de dados codificados: material textual | |
| Dados codificados do material textual | r |
| 105 ## - Campo de dados codificados: livros | |
| Dados codificados dos livros | a z 001yy |
| 215 ## - Descrição física | |
| Indicação específica da natureza do documento e extensão da espécie | 64 p. |
| Outras indicações físicas | todo il. |
| Dimensões | 30 cm |
| 200 1# - Titulo e menção de responsabilidade | |
| Título próprio | O meu primeiro dicionário [de] inglês |
| 225 2# - Colecção | |
| Título próprio da colecção | Universal |
| 205 ## - Menção da edição | |
| Menção da edição | 2ª ed |
| 210 ## - Publicação, Distribuição, etc. | |
| Lugar da edição, distribuição, etc. | Cacém |
| Nome do editor, distribuidor, etc. | Texto |
| Data da publicação, distribuição, etc. | 2000 |
| 675 ## - Classificação Decimal Universal (CDU) | |
| Notação | 811.111(03) |
| Edição | BN |
| Língua da edição | por |
| Notação | 087.5 |
| Edição | BN |
| Língua da edição | por |
| Edição | BN |
| Língua da edição | por |
| 966 ## - Identificação da Biblioteca | |
| Sigla | NUMETECA |
| 942 ## - Elementos de entrada adicionados (Koha) | |
| Tipo de item no Koha | Livro |
| Situação do levantamento | Origin of item (home branch) (coded) | Biblioteca de empréstimo | Código de barras | Cota | Circulation type (not for loan) | Tipo de documento | Nota do exemplar | Damaged status |
|---|---|---|---|---|---|---|---|---|
| Biblioteca Escolar Eng. Nuno Mergulhão | Biblioteca Escolar Eng. Nuno Mergulhão | BENM117 | 811 | Cativo | Sem mensagem |
